000 00744nam a22002297a 4500
999 _c2386
_d2386
001 2386
003 BD-JhCC
005 20171101193748.0
008 171101s2010 bg |||| |||| 000 0 ben d
020 _a9846390033
035 _a(BD-JhCC)2386
040 _aBD-JhCC
_dBD-JhCC
041 _aben
082 _a891.443
_bCAT 2010
100 _aচট্টোপাধ্যায়, শরৎচন্দ্র
245 _aদেনা পাওনা /
_cশরৎচন্দ্র চট্টোপাধ্যায়
260 _aঢাকা :
_bনুসরাত প্রকাশনী ,
_c২০১০.
300 _a১২৭ পৃ. :
_c২২ সেমি.
650 _aBengali Novel
942 _2ddc
_cBK